[Event "Milan Crespi op-C 33rd"]
[Site "Milan"]
[Date "2012.12.06"]
[Round "2"]
[White "Resta, Andrea"]
[Black "Giordano, Giovanni"]
[Result "0-1"]
[WhiteElo "1688"]
[BlackElo "1437"]
[PlyCount "168"]
[EventDate "2012.12.05"]
[EventType "swiss"]
[EventRounds "7"]
[EventCountry "ITA"]
[SourceTitle "EXT 2024"]
[Source "ChessBase"]
[SourceDate "2023.10.10"]
[SourceVersion "1"]
[SourceVersionDate "2023.10.10"]
[SourceQuality "1"]

1. d4 Nf6 2. c4 e6 3. Nf3 d5 4. e3 Bb4+ 5. Bd2 Bxd2+ 6. Nbxd2 Nc6 7. Rc1 Ne4 8. Nxe4 dxe4 9. Nd2 f5 10. Qh5+ g6 11. Qh6 Qf6 12. Be2 Bd7 13. 0-0 Nb4 14. a3 Nc6 15. b4 a6 16. f3 exf3 17. Nxf3 Ne7 18. Qf4 Rc8 19. Ne5 Bc6 20. Nxc6 bxc6 21. Rcd1 0-0 22. e4 g5 23. Qe3 f4 24. Qb3 Rcd8 25. e5 Qf5 26. Qa4 Qe4 27. Rfe1 Qe3+ 28. Kh1 Rxd4 29. Bd3 Qf2 30. Re2 Qh4 31. Bxh7+ Qxh7 32. Rxd4 g4 33. Qc2 Qh5 34. Ree4 Nf5 35. Rxf4 Nxd4 36. Rxf8+ Kxf8 37. Qf2+ Nf5 38. Qc5+ Ne7 39. Qf2+ Qf5 40. Kg1 Ng6 41. Qd2 Ke7 42. Qh6 Nxe5 43. Qg7+ Kd6 44. c5+ Kd5 45. Qxc7 Qe4 46. Qd6+ Kc4 47. Qd2 Qd4+ 48. Qxd4+ Kxd4 49. Kf2 Nc4 50. Kg3 Ne3 51. h4 gxh3 52. gxh3 e5 53. h4 Nf5+ 54. Kf2 Nxh4 55. Ke2 e4 56. a4 Kc4 57. b5 Kxc5 58. bxa6 Kb6 59. a7 Kxa7 60. Ke3 Ng6 61. Kxe4 Ne7 62. Kd4 Kb6 63. Kc4 Ka5 64. Kb3 Nd5 65. Kc4 Kxa4 66. Kc5 Ne7 67. Kc4 Ka3 68. Kc3 Nd5+ 69. Kc4 Ka4 70. Kc5 Ne7 71. Kc4 Ka5 72. Kc5 Ka6 73. Kb4 Kb6 74. Kc4 c5 75. Kb3 Kb5 76. Kc3 Nd5+ 77. Kb3 c4+ 78. Kc2 Kb4 79. Kb2 c3+ 80. Kc2 Kc4 81. Kc1 Kb3 82. Kb1 c2+ 83. Kc1 Ne3 84. Kd2 Kb2 0-1